000 00398nam a2200157Ia 4500
008 090124s9999 xx 000 0 und d
082 _b30999
_a4220
245 _a देश - मुखीं
250 _a1
260 _c2001
300 _a150
630 _a देश - मुखीं
700 _aपाटील कपिल
730 _a देश - मुखीं
942 _cBOOK
999 _c144479
_d144479